000 00425nam a2200181Ia 4500
003 0STCL
008 150530s9999 xx 000 0 und d
040 _aSTCL
_cSTCL
100 _aGupta, S.L. and Kumar, V.
245 _aStatistical Mechanics
250 _a21
260 _bPragati Prakashan; Meerut
_c2007
_aMeerut
300 _a0
546 _aEnglish
942 _2ddc
_cBK
999 _c28704
_d28704
005 20220125170135.0